000 00380pab a2200145 454500
008 180718b1983 xxu||||| |||| 00| 0 eng d
100 _aChitharanjan, K.V.
245 _aSize, growth and structure of cities in Gujarat
260 _c1983
300 _a62-71
362 _aJuly-Sept.
650 _aCities And Towns - Growth - India - Gujarat
773 _aNagarlok
909 _a5386
999 _c5386
_d5386